長崎県の市町村 (2000年) - Statistics

General Stats
  • This quiz has been taken 48 times
    36 since last reset
  • The average score is 56 of 79
Answers on the Map
Answers color-coded by a green-red scale on the quiz's map according to % correct below.
 
Answer Stats
ヒント 市町村名 % Correct
長崎市ながさきし
100%
佐世保市させぼし
100%
島原市しまばらし
100%
諫早市いさはやし
100%
大村市おおむらし
100%
福江市ふくえし
100%
平戸市ひらどし
100%
松浦市まつうらし
100%
西彼杵郡 西海町さいかいちょう
100%
東彼杵郡 東彼杵町ひがしそのぎちょう
100%
北松浦郡 小佐々町こさざちょう
100%
北松浦郡 佐々町さざちょう
100%
西彼杵郡 長与町ながよちょう
95%
北松浦郡 小値賀町おぢかちょう
95%
西彼杵郡 高島町たかしまちょう
89%
西彼杵郡 時津町とぎつちょう
89%
東彼杵郡 波佐見町はさみちょう
89%
北松浦郡 鷹島町たかしまちょう
89%
下県郡 厳原町いづはらまち
89%
上県郡 上対馬町かみつしまちょう
89%
北高来郡 高来町たかきちょう
84%
南松浦郡 上五島町かみごとうちょう
84%
西彼杵郡 伊王島町いおうじまちょう
79%
西彼杵郡 野母崎町のもざきちょう
79%
西彼杵郡 琴海町きんかいちょう
79%
西彼杵郡 西彼町せいひちょう
79%
西彼杵郡 大島町おおしまちょう
79%
東彼杵郡 川棚町かわたなちょう
79%
北松浦郡 大島村おおしまむら
79%
南松浦郡 若松町わかまつちょう
79%
上県郡 上県町かみあがたちょう
79%
西彼杵郡 外海町そとめちょう
74%
南高来郡 口之津町くちのつちょう
74%
北松浦郡 田平町たびらちょう
74%
南松浦郡 岐宿町きしくちょう
74%
南松浦郡 奈留町なるちょう
74%
下県郡 美津島町みつしまちょう
74%
西彼杵郡 香焼町こうやぎちょう
68%
南高来郡 国見町くにみちょう
68%
南高来郡 西有家町にしありえちょう
68%
南高来郡 有家町ありえちょう
68%
北松浦郡 生月町いきつきちょう
68%
北松浦郡 宇久町うくまち
68%
南松浦郡 新魚目町しんうおのめちょう
68%
北高来郡 小長井町こながいちょう
63%
南高来郡 愛野町あいのまち
63%
南高来郡 千々石町ちぢわちょう
63%
南高来郡 加津佐町かづさまち
63%
北松浦郡 世知原町せちばるちょう
63%
上県郡 峰町みねちょう
63%
西彼杵郡 崎戸町さきとちょう
58%
西彼杵郡 大瀬戸町おおせとちょう
58%
北高来郡 森山町もりやまちょう
58%
南高来郡 有明町ありあけちょう
58%
南高来郡 小浜町おばまちょう
58%
南高来郡 南有馬町みなみありまちょう
58%
南高来郡 北有馬町きたありまちょう
58%
北松浦郡 福島町ふくしまちょう
58%
壱岐郡 石田町いしだちょう
58%
西彼杵郡 多良見町たらみちょう
53%
北高来郡 飯盛町いいもりちょう
53%
南高来郡 瑞穂町みずほちょう
53%
北松浦郡 江迎町えむかえちょう
53%
南松浦郡 玉之浦町たまのうらちょう
53%
南松浦郡 三井楽町みいらくちょう
53%
壱岐郡 郷ノ浦町ごうのうらちょう
53%
壱岐郡 芦辺町あしべちょう
53%
下県郡 豊玉町とよたまちょう
53%
南高来郡 吾妻町あづまちょう
47%
北松浦郡 鹿町町しかまちちょう
47%
南松浦郡 有川町ありかわちょう
47%
南松浦郡 奈良尾町ならおちょう
47%
西彼杵郡 三和町さんわちょう
42%
南高来郡 南串山町みなみくしやまちょう
42%
南高来郡 布津町ふつちょう
42%
北松浦郡 吉井町よしいちょう
42%
南高来郡 深江町ふかえちょう
37%
壱岐郡 勝本町かつもとちょう
37%
南松浦郡 富江町とみえちょう
32%
No matching quizzes found
Score Distribution
Percent of People with Each Score
Percentile by Number Answered
Your Score History
You have not taken this quiz since the last reset